| 000 | 00453nam a22001337a 4500 | ||
|---|---|---|---|
| 008 | 131210b xxu||||| |||| 00| 0 eng d | ||
| 050 | _aBR1480.R363 2007 | ||
| 100 |
_aLangmead, Ross _95393 |
||
| 245 |
_aReimagining God and Mission _bPerspectives from Australia _c Ross Langmead |
||
| 260 |
_aAustralia _bATF Press _c2007 |
||
| 300 |
_axxiii,278p. ; _c23cm. |
||
| 650 |
_aMissions _xEvengalistic work _xPhilosophy _zAustralia _95394 |
||
| 942 |
_2lcc _cMONOGRAPH |
||
| 999 |
_c119158 _d119158 |
||